000 00655nam a2200229Ia 4500
003 OSt
005 20220926015223.0
006 a|||||r|||| 00| 0
007 ta
008 220923b |||||||| |||| 00| 0 eng d
037 _cGeneral Book
040 _aRTL
_cRTL
_beng
041 _2eng
_aeng
082 _aY, M9
100 _aMazlish Bruce
_930011
245 0 _aNew Science
_b The break-down of connections and the Birth of Sociology
260 _aNew York
_bOxford University Press
_c1989
300 _axiv,333p
_ccm.
500 _aAppendix : P 265-268
942 _hY, M9
_cGB
_2CC
999 _c630784
_d630784